[Event "DEM U10 2024"]
[Site "Willingen GER"]
[Date "2024.05.19"]
[Round "1"]
[White "Spielmann, Jan"]
[Black "Steinbrenner, Peter"]
[Result "1/2-1/2"]
[Termination "normal"]
[Board "1"]
[WhiteElo "1725"]
[BlackElo "1941"]
[WhiteClock "00:16:57"]
[BlackClock "00:16:50"]
[PlyCount "75"]
[WhiteFideId "34680039"]
[BlackFideId "34645535"]
[EventCountry "GER"]
[EventRounds "11"]
[EventType "swiss"]
[EventDate "2024.05.18"]

1. e4 {[%clk 01:15:57]} {[%emt 00:00:02]} c5 {[%clk 01:15:49]} {[%emt
00:00:11]} 2. Bc4 {[%clk 01:16:18]} {[%emt 00:00:09]} e6 {[%clk 01:16:10]}
{[%emt 00:00:09]} 3. d3 {[%clk 01:16:08]} {[%emt 00:00:41]} a6 {[%clk
01:16:19]} {[%emt 00:00:21]} 4. a3 {[%clk 01:15:40]} {[%emt 00:00:59]} d5
{[%clk 01:16:08]} {[%emt 00:00:40]} 5. exd5 {[%clk 01:15:56]} {[%emt 00:00:14]}
exd5 {[%clk 01:16:37]} {[%emt 00:00:02]} 6. Ba2 {[%clk 01:16:10]} {[%emt
00:00:16]} Nf6 {[%clk 01:16:02]} {[%emt 00:01:04]} 7. Bg5 {[%clk 01:15:33]}
{[%emt 00:01:07]} Be6 {[%clk 01:15:30]} {[%emt 00:01:01]} 8. Nc3 {[%clk
01:14:30]} {[%emt 00:01:34]} Be7 {[%clk 01:14:22]} {[%emt 00:01:37]} 9. Nge2
{[%clk 01:12:54]} {[%emt 00:02:07]} Qd6 {[%clk 01:10:28]} {[%emt 00:04:24]} 10.
f4 {[%clk 00:53:49]} {[%emt 00:19:35]} d4 {[%clk 00:58:32]} {[%emt 00:12:25]}
11. Bxf6 {[%clk 00:48:29]} {[%emt 00:05:50]} Bxf6 {[%clk 00:58:14]} {[%emt
00:00:49]} 12. Ne4 {[%clk 00:48:44]} {[%emt 00:00:15]} Qe7 {[%clk 00:58:06]}
{[%emt 00:00:38]} 13. Bxe6 {[%clk 00:48:05]} {[%emt 00:01:09]} fxe6 {[%clk
00:58:11]} {[%emt 00:00:25]} 14. Nxf6+ {[%clk 00:47:52]} {[%emt 00:00:43]} Qxf6
{[%clk 00:55:50]} {[%emt 00:02:51]} 15. O-O {[%clk 00:44:55]} {[%emt 00:03:27]}
O-O {[%clk 00:53:21]} {[%emt 00:03:00]} 16. Ng3 {[%clk 00:42:01]} {[%emt
00:03:23]} Nd7 {[%clk 00:47:04]} {[%emt 00:06:47]} 17. Qg4 {[%clk 00:37:07]}
{[%emt 00:05:24]} Qe7 {[%clk 00:41:33]} {[%emt 00:06:01]} 18. f5 {[%clk
00:36:40]} {[%emt 00:00:57]} e5 {[%clk 00:35:17]} {[%emt 00:06:47]} 19. Rae1
{[%clk 00:29:19]} {[%emt 00:07:50]} Nf6 {[%clk 00:32:13]} {[%emt 00:03:34]} 20.
Qg5 {[%clk 00:28:16]} {[%emt 00:01:33]} Rae8 {[%clk 00:31:37]} {[%emt
00:01:06]} 21. Nh5 {[%clk 00:22:50]} {[%emt 00:05:56]} Nxh5 {[%clk 00:25:09]}
{[%emt 00:06:58]} 22. Qxh5 {[%clk 00:23:12]} {[%emt 00:00:07]} Qf6 {[%clk
00:21:12]} {[%emt 00:04:28]} 23. Rf3 {[%clk 00:17:50]} {[%emt 00:05:51]} c4
{[%clk 00:16:43]} {[%emt 00:05:00]} 24. Re4 {[%clk 00:16:38]} {[%emt 00:01:42]}
cxd3 {[%clk 00:16:50]} {[%emt 00:00:24]} 25. cxd3 {[%clk 00:16:57]} {[%emt
00:00:10]} Rc8 26. h3 Rc2 27. Rh4 h6 28. Rg4 e4 29. Rfg3 Rc7 30. dxe4 d3 31.
Rg6 Qd4+ 32. Kh2 Rc1 33. Rxg7+ Qxg7 34. Rxg7+ Kxg7 35. Qg6+ Kh8 36. f6 Rc7 37.
Qxh6+ Kg8 38. Qg6+ Kh8 1/2-1/2

[Event "DEM U10 2024"]
[Site "Willingen GER"]
[Date "2024.05.19"]
[Round "1"]
[White "Müller, Konstantin"]
[Black "Rössling, Johannes"]
[Result "1/2-1/2"]
[Termination "normal"]
[Board "2"]
[WhiteElo "1851"]
[BlackElo "1579"]
[WhiteClock "00:46:22"]
[BlackClock "00:49:18"]
[PlyCount "241"]
[WhiteFideId "34661778"]
[BlackFideId "34642773"]
[EventCountry "GER"]
[EventRounds "11"]
[EventType "swiss"]
[EventDate "2024.05.18"]

1. e4 {[%clk 01:15:58]} {[%emt 00:00:02]} e5 {[%clk 01:15:54]} {[%emt
00:00:07]} 2. Nf3 {[%clk 01:16:23]} {[%emt 00:00:05]} Nc6 {[%clk 01:16:18]}
{[%emt 00:00:05]} 3. Bc4 {[%clk 01:16:48]} {[%emt 00:00:05]} Bc5 {[%clk
01:16:38]} {[%emt 00:00:10]} 4. d3 {[%clk 01:16:48]} {[%emt 00:00:31]} h6
{[%clk 01:16:28]} {[%emt 00:00:39]} 5. c3 {[%clk 01:16:55]} {[%emt 00:00:23]}
Nf6 {[%clk 01:16:40]} {[%emt 00:00:18]} 6. O-O {[%clk 01:17:14]} {[%emt
00:00:11]} d6 {[%clk 01:16:55]} {[%emt 00:00:16]} 7. h3 {[%clk 01:17:24]}
{[%emt 00:00:20]} Be6 {[%clk 01:16:51]} {[%emt 00:00:34]} 8. Bb3 {[%clk
01:17:23]} {[%emt 00:00:31]} O-O {[%clk 01:17:07]} {[%emt 00:00:14]} 9. Bc2
{[%clk 01:17:23]} {[%emt 00:00:30]} Nd7 {[%clk 01:14:05]} {[%emt 00:03:31]} 10.
d4 {[%clk 01:17:27]} {[%emt 00:00:27]} Bc4 {[%clk 01:13:02]} {[%emt 00:01:32]}
11. Re1 {[%clk 01:15:55]} {[%emt 00:02:03]} Bb6 {[%clk 01:12:31]} {[%emt
00:01:00]} 12. d5 {[%clk 01:14:30]} {[%emt 00:01:55]} Ne7 {[%clk 01:12:17]}
{[%emt 00:00:44]} 13. Nbd2 {[%clk 01:13:02]} {[%emt 00:01:58]} Ba6 {[%clk
01:12:19]} {[%emt 00:00:20]} 14. a4 {[%clk 01:12:05]} {[%emt 00:01:35]} c6
{[%clk 01:12:28]} {[%emt 00:00:22]} 15. Nf1 {[%clk 01:10:59]} {[%emt 00:01:35]}
Bc7 {[%clk 01:11:30]} {[%emt 00:01:29]} 16. Ne3 {[%clk 01:09:43]} {[%emt
00:01:46]} Ng6 {[%clk 01:11:11]} {[%emt 00:00:49]} 17. Nf5 {[%clk 01:08:22]}
{[%emt 00:01:51]} Nf4 {[%clk 01:10:56]} {[%emt 00:00:43]} 18. Bxf4 {[%clk
01:07:17]} {[%emt 00:01:36]} exf4 {[%clk 01:11:15]} {[%emt 00:00:12]} 19. dxc6
{[%clk 01:07:11]} {[%emt 00:00:35]} bxc6 {[%clk 01:11:17]} {[%emt 00:00:28]}
20. Nxd6 {[%clk 01:06:33]} {[%emt 00:01:09]} Rb8 {[%clk 01:06:32]} {[%emt
00:05:10]} 21. Rb1 {[%clk 01:03:48]} {[%emt 00:03:19]} Bb6 {[%clk 01:00:47]}
{[%emt 00:06:14]} 22. Nf5 {[%clk 01:02:28]} {[%emt 00:01:51]} Qc7 {[%clk
01:00:10]} {[%emt 00:01:01]} 23. b4 {[%clk 01:01:47]} {[%emt 00:01:18]} Qd8
{[%clk 00:59:44]} {[%emt 00:00:52]} 24. Qd6 {[%clk 00:59:52]} {[%emt 00:02:27]}
Qc7 {[%clk 00:57:22]} {[%emt 00:02:53]} 25. Qxc7 {[%clk 00:59:35]} {[%emt
00:00:48]} Bxc7 {[%clk 00:57:26]} {[%emt 00:00:26]} 26. Ne7+ {[%clk 00:59:46]}
{[%emt 00:00:18]} Kh8 {[%clk 00:57:38]} {[%emt 00:00:16]} 27. Nxc6 {[%clk
00:59:52]} {[%emt 00:00:26]} Rb7 {[%clk 00:56:59]} {[%emt 00:01:05]} 28. b5
{[%clk 00:59:54]} {[%emt 00:00:33]} Rb6 {[%clk 00:56:58]} {[%emt 00:00:16]} 29.
Nb4 {[%clk 00:59:45]} {[%emt 00:00:53]} Bb7 {[%clk 00:56:32]} {[%emt 00:00:56]}
30. c4 {[%clk 00:59:49]} {[%emt 00:00:26]} Re6 {[%clk 00:56:34]} {[%emt
00:00:27]} 31. Nd4 {[%clk 00:58:14]} {[%emt 00:02:07]} Ree8 {[%clk 00:56:31]}
{[%emt 00:00:28]} 32. Nb3 {[%clk 00:57:01]} {[%emt 00:01:46]} Nf6 {[%clk
00:55:46]} {[%emt 00:01:13]} 33. f3 {[%clk 00:55:40]} {[%emt 00:01:55]} Nh5
{[%clk 00:55:48]} {[%emt 00:00:28]} 34. Nd5 {[%clk 00:55:42]} {[%emt 00:00:27]}
Bxd5 {[%clk 00:55:48]} {[%emt 00:00:31]} 35. exd5 {[%clk 00:56:00]} {[%emt
00:00:12]} Ng3 {[%clk 00:55:57]} {[%emt 00:00:21]} 36. Bd3 {[%clk 00:55:24]}
{[%emt 00:01:06]} Rd8 {[%clk 00:52:50]} {[%emt 00:03:36]} 37. Re7 {[%clk
00:54:23]} {[%emt 00:01:31]} Bb8 {[%clk 00:53:00]} {[%emt 00:00:20]} 38. Rbe1
{[%clk 00:54:16]} {[%emt 00:00:37]} g6 {[%clk 00:52:37]} {[%emt 00:00:53]} 39.
Na5 {[%clk 00:53:16]} {[%emt 00:01:30]} Bd6 {[%clk 00:52:22]} {[%emt 00:00:44]}
40. Rb7 {[%clk 00:53:03]} {[%emt 00:00:44]} Rde8 {[%clk 00:52:16]} {[%emt
00:00:36]} 41. Rd1 {[%clk 00:52:33]} {[%emt 00:01:00]} Re3 {[%clk 00:51:38]}
{[%emt 00:01:05]} 42. Nb3 {[%clk 00:52:37]} {[%emt 00:00:30]} Rfe8 {[%clk
00:51:45]} {[%emt 00:00:22]} 43. c5 {[%clk 00:51:31]} {[%emt 00:01:37]} Rxd3
{[%clk 00:51:37]} {[%emt 00:00:38]} 44. Ra1 {[%clk 00:49:35]} {[%emt 00:02:26]}
Rxb3 {[%clk 00:51:24]} {[%emt 00:00:42]} 45. cxd6 {[%clk 00:49:24]} {[%emt
00:00:41]} Rbe3 {[%clk 00:51:20]} {[%emt 00:00:35]} 46. Re7 {[%clk 00:49:11]}
{[%emt 00:00:43]} R8xe7 {[%clk 00:51:21]} {[%emt 00:00:29]} 47. dxe7 {[%clk
00:49:23]} {[%emt 00:00:17]} Rxe7 {[%clk 00:51:46]} {[%emt 00:00:05]} 48. a5
{[%clk 00:46:44]} {[%emt 00:03:09]} Rd7 {[%clk 00:51:41]} {[%emt 00:00:35]} 49.
b6 {[%clk 00:46:03]} {[%emt 00:01:12]} axb6 {[%emt 00:00:21]} 50. a6 {[%clk
00:43:59]} {[%emt 00:02:33]} Ra7 {[%clk 00:51:55]} {[%emt 00:00:25]} 51. d6
{[%clk 00:43:52]} {[%emt 00:00:37]} Ne2+ {[%clk 00:52:09]} {[%emt 00:00:17]}
52. Kf2 {[%clk 00:44:09]} {[%emt 00:00:12]} Nd4 {[%clk 00:52:31]} {[%emt
00:00:08]} 53. d7 {[%clk 00:44:15]} {[%emt 00:00:24]} Nc6 {[%clk 00:52:27]}
{[%emt 00:00:34]} 54. Rc1 {[%clk 00:43:59]} {[%emt 00:00:47]} Nd8 {[%clk
00:52:18]} {[%emt 00:00:38]} 55. Rc8 {[%clk 00:43:56]} {[%emt 00:00:34]} Rxd7
{[%clk 00:52:42]} {[%emt 00:00:07]} 56. a7 {[%clk 00:43:45]} {[%emt 00:00:41]}
Rxa7 {[%clk 00:52:58]} {[%emt 00:00:13]} 57. Rxd8+ {[%clk 00:44:09]} {[%emt
00:00:05]} Kg7 {[%clk 00:53:22]} {[%emt 00:00:06]} 58. Rb8 {[%clk 00:44:21]}
{[%emt 00:00:18]} Ra6 {[%clk 00:53:39]} {[%emt 00:00:14]} 59. Ke2 {[%clk
00:42:46]} {[%emt 00:02:04]} h5 {[%clk 00:53:44]} {[%emt 00:00:24]} 60. h4
{[%clk 00:42:10]} {[%emt 00:01:07]} Kf6 {[%clk 00:53:57]} {[%emt 00:00:17]} 61.
Kd3 {[%clk 00:41:52]} {[%emt 00:01:16]} Kg7 {[%clk 00:54:03]} {[%emt 00:00:23]}
62. Ke2 {[%clk 00:41:23]} {[%emt 00:00:59]} Kh7 {[%clk 00:53:58]} {[%emt
00:00:33]} 63. Kd3 {[%clk 00:41:33]} {[%emt 00:00:22]} Ra2 {[%clk 00:54:06]}
{[%emt 00:00:23]} 64. Rxb6 {[%clk 00:41:46]} {[%emt 00:00:18]} Rxg2 {[%clk
00:54:25]} {[%emt 00:00:10]} 65. Rf6 {[%clk 00:41:38]} {[%emt 00:00:38]} Kg7
{[%clk 00:54:21]} {[%emt 00:00:33]} 66. Rxf4 {[%clk 00:42:00]} {[%emt
00:00:09]} Rg3 {[%clk 00:54:41]} {[%emt 00:00:10]} 67. Ke3 {[%clk 00:42:10]}
{[%emt 00:00:20]} Rh3 {[%clk 00:54:56]} {[%emt 00:00:15]} 68. Kf2 {[%clk
00:42:33]} {[%emt 00:00:06]} Rh2+ {[%clk 00:54:34]} {[%emt 00:00:51]} 69. Kg3
{[%clk 00:42:59]} {[%emt 00:00:06]} Ra2 {[%clk 00:54:56]} {[%emt 00:00:08]} 70.
Rb4 {[%clk 00:43:23]} {[%emt 00:00:06]} Ra6 {[%clk 00:54:55]} {[%emt 00:00:31]}
71. Rb7 {[%clk 00:43:44]} {[%emt 00:00:09]} Re6 {[%clk 00:54:43]} {[%emt
00:00:41]} 72. Ra7 {[%clk 00:44:08]} {[%emt 00:00:08]} Kf6 {[%clk 00:54:52]}
{[%emt 00:00:19]} 73. Ra5 {[%clk 00:44:30]} {[%emt 00:00:09]} Re5 {[%clk
00:53:27]} {[%emt 00:01:55]} 74. Ra6+ {[%clk 00:44:52]} {[%emt 00:00:08]} Kg7
{[%clk 00:49:46]} {[%emt 00:04:10]} 75. Kf4 {[%clk 00:45:10]} {[%emt 00:00:12]}
Rf5+ {[%clk 00:50:02]} {[%emt 00:00:13]} 76. Kg3 {[%clk 00:45:36]} {[%emt
00:00:06]} g5 {[%clk 00:49:58]} {[%emt 00:00:34]} 77. hxg5 {[%clk 00:45:10]}
{[%emt 00:00:56]} Rxg5+ {[%clk 00:50:15]} {[%emt 00:00:13]} 78. Kh4 {[%clk
00:45:30]} {[%emt 00:00:09]} Rg6 {[%clk 00:49:53]} {[%emt 00:00:53]} 79. Ra5
{[%clk 00:45:48]} {[%emt 00:00:12]} Rf6 {[%clk 00:49:43]} {[%emt 00:00:38]} 80.
Kg3 {[%clk 00:45:30]} {[%emt 00:00:49]} Kg6 {[%clk 00:49:58]} {[%emt 00:00:15]}
81. Ra4 {[%clk 00:45:34]} {[%emt 00:00:26]} Rf5 {[%clk 00:49:58]} {[%emt
00:00:29]} 82. Ra8 {[%clk 00:45:26]} {[%emt 00:00:40]} Kg7 {[%clk 00:49:39]}
{[%emt 00:00:49]} 83. Ra6 {[%clk 00:45:35]} {[%emt 00:00:20]} Rf6 {[%clk
00:49:49]} {[%emt 00:00:20]} 84. Ra5 {[%clk 00:45:55]} {[%emt 00:00:10]} Kg6
{[%clk 00:49:36]} {[%emt 00:00:43]} 85. Ra4 {[%clk 00:46:11]} {[%emt 00:00:15]}
Rf5 {[%clk 00:49:18]} {[%emt 00:00:47]} 86. Ra8 {[%clk 00:46:22]} {[%emt
00:00:20]} Rg5+ 87. Kh4 Rf5 88. Kg3 Kh7 89. Ra4 Kh6 90. Ra8 Rg5+ 91. Kf2 Kg6
92. Ra6+ Kg7 93. Ra4 Kg6 94. Ra6+ f6 95. Ra4 Kh6 96. Ra6 Rf5 97. Ra4 Kg5 98.
Kg3 Kh6 99. Ra8 Rg5+ 100. Kf2 Rg6 101. f4 Rg7 102. Ra6 Kg6 103. Ra5 Rh7 104.
Kg3 Rg7 105. Kh4 Rh7 106. f5+ Kg7 107. Ra7+ Kg8 108. Ra8+ Kg7 109. Ra7+ Kh6
110. Rxh7+ Kxh7 111. Kxh5 Kg7 112. Kg4 Kf7 113. Kf4 Ke7 114. Ke3 Kd7 115. Kd3
Kc7 116. Kc3 Kd6 117. Kd4 Kc6 118. Kc4 Kd6 119. Kd4 Kc6 120. Kc4 Kd6 121. Kd4
1/2-1/2

[Event "DEM U10 2024"]
[Site "Willingen GER"]
[Date "2024.05.19"]
[Round "1"]
[White "Schmidt, Alexander Nadvid"]
[Black "Gusev, Daniil"]
[Result "0-1"]
[Termination "normal"]
[Board "3"]
[WhiteElo "1679"]
[BlackElo "1740"]
[WhiteClock "00:54:49"]
[BlackClock "01:13:10"]
[PlyCount "80"]
[WhiteFideId "34661360"]
[BlackFideId "55683886"]
[EventCountry "GER"]
[EventRounds "11"]
[EventType "swiss"]
[EventDate "2024.05.18"]

1. e4 {[%clk 01:15:57]} {[%emt 00:00:03]} c5 {[%clk 01:15:58]} {[%emt
00:00:03]} 2. Nc3 {[%clk 01:16:11]} {[%emt 00:00:15]} e6 {[%clk 01:16:24]}
{[%emt 00:00:05]} 3. Nf3 {[%clk 01:16:20]} {[%emt 00:00:20]} a6 {[%clk
01:16:49]} {[%emt 00:00:06]} 4. d4 {[%clk 01:16:35]} {[%emt 00:00:14]} cxd4
{[%clk 01:17:15]} {[%emt 00:00:04]} 5. Nxd4 {[%clk 01:16:48]} {[%emt 00:00:17]}
Qc7 {[%clk 01:17:40]} {[%emt 00:00:05]} 6. g3 {[%clk 01:16:30]} {[%emt
00:00:47]} b5 {[%clk 01:17:49]} {[%emt 00:00:21]} 7. Bg2 {[%clk 01:16:38]}
{[%emt 00:00:23]} Bb7 {[%clk 01:18:14]} {[%emt 00:00:05]} 8. O-O {[%clk
01:16:08]} {[%emt 00:01:00]} Nf6 {[%clk 01:18:32]} {[%emt 00:00:12]} 9. Bg5
{[%clk 01:16:10]} {[%emt 00:00:28]} Be7 {[%clk 01:17:27]} {[%emt 00:01:35]} 10.
Qd2 {[%clk 01:15:57]} {[%emt 00:00:43]} h6 {[%clk 01:17:01]} {[%emt 00:00:56]}
11. Be3 {[%clk 01:15:43]} {[%emt 00:00:43]} b4 {[%clk 01:14:00]} {[%emt
00:03:32]} 12. Na4 {[%clk 01:10:47]} {[%emt 00:05:25]} Nxe4 {[%clk 01:13:50]}
{[%emt 00:00:40]} 13. Bxe4 {[%clk 01:10:55]} {[%emt 00:00:22]} Bxe4 {[%clk
01:14:18]} {[%emt 00:00:03]} 14. f3 {[%clk 01:10:47]} {[%emt 00:00:37]} Bg6
{[%clk 01:13:59]} {[%emt 00:00:47]} 15. Rad1 {[%clk 01:10:38]} {[%emt
00:00:41]} d5 {[%clk 01:13:56]} {[%emt 00:00:34]} 16. Rc1 {[%clk 01:09:22]}
{[%emt 00:01:46]} Nd7 {[%clk 01:14:08]} {[%emt 00:00:18]} 17. c3 {[%clk
01:09:27]} {[%emt 00:00:25]} Qb7 {[%clk 01:12:20]} {[%emt 00:02:17]} 18. cxb4
{[%clk 01:03:59]} {[%emt 00:05:59]} Bxb4 {[%clk 01:12:39]} {[%emt 00:00:11]}
19. Qf2 {[%clk 01:04:01]} {[%emt 00:00:27]} Ne5 {[%clk 01:11:39]} {[%emt
00:01:31]} 20. Qg2 {[%clk 00:57:10]} {[%emt 00:07:20]} O-O {[%clk 01:11:53]}
{[%emt 00:00:17]} 21. Bf4 {[%clk 00:57:22]} {[%emt 00:00:18]} Nd3 {[%clk
01:11:33]} {[%emt 00:00:50]} 22. Rc7 {[%clk 00:56:32]} {[%emt 00:01:20]} Nxf4
{[%clk 01:11:11]} {[%emt 00:00:52]} 23. Rxb7 {[%clk 00:56:48]} {[%emt
00:00:13]} Nxg2 {[%clk 01:11:37]} {[%emt 00:00:05]} 24. Kxg2 {[%clk 00:57:06]}
{[%emt 00:00:12]} Rab8 {[%clk 01:11:30]} {[%emt 00:00:37]} 25. Rd7 {[%clk
00:57:30]} {[%emt 00:00:06]} Rfc8 {[%clk 01:11:10]} {[%emt 00:00:50]} 26. a3
{[%clk 00:56:21]} {[%emt 00:01:39]} Bf8 {[%clk 01:10:11]} {[%emt 00:01:29]} 27.
f4 {[%clk 00:55:17]} {[%emt 00:01:33]} Rc4 {[%clk 01:10:30]} {[%emt 00:00:12]}
28. f5 {[%clk 00:54:07]} {[%emt 00:01:39]} exf5 {[%clk 01:10:52]} {[%emt
00:00:08]} 29. Nxf5 {[%clk 00:54:06]} {[%emt 00:00:31]} Rxa4 {[%clk 01:11:18]}
{[%emt 00:00:05]} 30. Nh4 {[%clk 00:52:14]} {[%emt 00:02:21]} Rxb2+ {[%clk
01:11:10]} {[%emt 00:00:39]} 31. Kh3 {[%clk 00:52:32]} {[%emt 00:00:11]} Rxh4+
{[%clk 01:11:10]} {[%emt 00:00:31]} 32. gxh4 {[%clk 00:52:39]} {[%emt
00:00:22]} Rb3+ {[%clk 01:11:37]} {[%emt 00:00:03]} 33. Kg4 {[%clk 00:52:49]}
{[%emt 00:00:20]} Rxa3 {[%clk 01:11:20]} {[%emt 00:00:47]} 34. h5 {[%clk
00:53:14]} {[%emt 00:00:05]} Ra4+ {[%clk 01:11:43]} {[%emt 00:00:08]} 35. Kg3
{[%clk 00:53:02]} {[%emt 00:00:42]} Bxh5 {[%clk 01:12:07]} {[%emt 00:00:05]}
36. Rxd5 {[%clk 00:53:30]} {[%emt 00:00:02]} Bg6 {[%clk 01:12:19]} {[%emt
00:00:18]} 37. Rd8 {[%clk 00:53:53]} {[%emt 00:00:07]} Ra3+ {[%clk 01:12:30]}
{[%emt 00:00:19]} 38. Kh4 {[%clk 00:54:11]} {[%emt 00:00:12]} a5 {[%clk
01:12:22]} {[%emt 00:00:39]} 39. Rc1 {[%clk 00:54:35]} {[%emt 00:00:05]} Bf5
{[%clk 01:12:44]} {[%emt 00:00:09]} 40. Re1 {[%clk 00:54:49]} {[%emt 00:00:15]}
Rh3# {[%clk 01:13:10]} {[%emt 00:00:04]} 0-1

[Event "DEM U10 2024"]
[Site "Willingen GER"]
[Date "2024.05.19"]
[Round "1"]
[White "Naumann, Lennart"]
[Black "Jung, Michael"]
[Result "1-0"]
[Termination "normal"]
[Board "4"]
[WhiteElo "1707"]
[BlackElo "1363"]
[WhiteClock "00:12:37"]
[BlackClock "01:09:08"]
[PlyCount "73"]
[WhiteFideId "34644830"]
[BlackFideId "34673873"]
[EventCountry "GER"]
[EventRounds "11"]
[EventType "swiss"]
[EventDate "2024.05.18"]

1. e4 {[%clk 01:15:59]} c5 {[%clk 01:15:59]} {[%emt 00:00:02]} 2. Nf3 {[%clk
01:16:16]} {[%emt 00:00:12]} d6 {[%clk 01:16:24]} {[%emt 00:00:06]} 3. d4
{[%clk 01:16:38]} {[%emt 00:00:08]} cxd4 {[%clk 01:16:50]} {[%emt 00:00:04]} 4.
Nxd4 {[%clk 01:16:58]} {[%emt 00:00:10]} Nf6 {[%clk 01:17:15]} {[%emt
00:00:04]} 5. Nc3 {[%clk 01:17:19]} {[%emt 00:00:10]} g6 {[%clk 01:17:39]}
{[%emt 00:00:06]} 6. Be3 {[%clk 01:16:10]} {[%emt 00:01:38]} Bg7 {[%clk
01:18:04]} {[%emt 00:00:05]} 7. Be2 {[%clk 01:13:43]} {[%emt 00:02:57]} O-O
{[%clk 01:18:22]} {[%emt 00:00:13]} 8. h3 {[%clk 01:11:24]} {[%emt 00:02:48]}
Nc6 {[%clk 01:17:22]} {[%emt 00:01:31]} 9. g4 {[%clk 01:05:49]} {[%emt
00:06:05]} Nxd4 {[%clk 01:17:24]} {[%emt 00:00:27]} 10. Bxd4 {[%emt 00:00:21]}
Nd7 {[%clk 01:13:18]} {[%emt 00:04:30]} 11. Bxg7 {[%clk 01:04:06]} {[%emt
00:02:28]} Kxg7 {[%clk 01:13:40]} {[%emt 00:00:08]} 12. Qd4+ {[%clk 01:00:54]}
{[%emt 00:03:42]} f6 {[%clk 01:13:38]} {[%emt 00:00:32]} 13. Nd5 {[%clk
00:55:53]} {[%emt 00:05:31]} e5 {[%clk 01:13:27]} {[%emt 00:00:42]} 14. Qe3
{[%clk 00:53:24]} {[%emt 00:02:59]} Qa5+ {[%clk 01:13:03]} {[%emt 00:00:54]}
15. b4 {[%clk 00:51:51]} {[%emt 00:02:02]} Qd8 {[%clk 01:12:46]} {[%emt
00:00:45]} 16. h4 {[%clk 00:48:57]} {[%emt 00:03:26]} Nb6 {[%clk 01:12:47]}
{[%emt 00:00:28]} 17. Nc3 {[%clk 00:47:47]} {[%emt 00:01:41]} d5 {[%clk
01:12:33]} {[%emt 00:00:44]} 18. Qh3 {[%clk 00:28:34]} {[%emt 00:19:41]} Rh8
{[%clk 01:12:41]} {[%emt 00:00:23]} 19. Nxd5 {[%clk 00:26:28]} {[%emt
00:02:37]} Nxd5 {[%clk 01:12:59]} {[%emt 00:00:12]} 20. exd5 {[%clk 00:26:52]}
{[%emt 00:00:05]} Qxd5 {[%clk 01:13:20]} {[%emt 00:00:10]} 21. h5 {[%clk
00:25:41]} {[%emt 00:01:41]} Qd4 {[%clk 01:13:36]} {[%emt 00:00:13]} 22. c3
{[%clk 00:25:50]} {[%emt 00:00:22]} Qb6 {[%clk 01:13:12]} {[%emt 00:00:36]} 23.
hxg6 {[%clk 00:23:45]} {[%emt 00:02:54]} h5 {[%clk 01:12:01]} {[%emt 00:01:40]}
24. Rd1 {[%clk 00:20:46]} {[%emt 00:03:29]} Be6 {[%clk 01:12:02]} {[%emt
00:00:26]} 25. Qg2 {[%clk 00:15:59]} {[%emt 00:05:19]} hxg4 {[%clk 01:11:49]}
{[%emt 00:00:44]} 26. Bxg4 {[%clk 00:15:28]} {[%emt 00:01:01]} Rxh1+ {[%clk
01:11:57]} {[%emt 00:00:22]} 27. Qxh1 {[%clk 00:15:50]} {[%emt 00:00:07]} Rh8
{[%clk 01:12:10]} {[%emt 00:00:19]} 28. Qg2 {[%clk 00:14:29]} {[%emt 00:01:51]}
Bxg4 {[%clk 01:12:28]} {[%emt 00:00:12]} 29. Qxg4 {[%clk 00:14:39]} {[%emt
00:00:20]} Rh1+ {[%clk 01:12:12]} {[%emt 00:00:45]} 30. Ke2 {[%clk 00:14:49]}
{[%emt 00:00:20]} Qa6+ {[%clk 01:12:01]} {[%emt 00:00:40]} 31. b5 {[%clk
00:11:37]} {[%emt 00:03:44]} Qxb5+ {[%clk 01:12:15]} {[%emt 00:00:16]} 32. c4
{[%clk 00:11:59]} {[%emt 00:00:07]} Qb2+ {[%clk 01:11:59]} {[%emt 00:00:46]}
33. Rd2 {[%clk 00:12:10]} {[%emt 00:00:20]} Qb4 {[%clk 01:09:54]} {[%emt
00:02:34]} 34. Rd7+ {[%clk 00:11:40]} {[%emt 00:01:00]} Kg8 {[%clk 01:09:26]}
{[%emt 00:00:57]} 35. Qe6+ {[%clk 00:11:56]} {[%emt 00:00:16]} Kh8 {[%clk
01:09:25]} {[%emt 00:00:31]} 36. Qe8+ {[%clk 00:12:16]} {[%emt 00:00:10]} Qf8
{[%clk 01:09:08]} {[%emt 00:00:47]} 37. Qxf8# {[%clk 00:12:37]} {[%emt
00:00:09]} 1-0